000 00570cam a2200229ua 4500
020 _cRs 35.00
041 _aeng
_h
082 _a604.21
_bVER/CI
100 _aVarma, B P.
245 _aCivil engineering drawing and house planning /
_cB P Varma.
_hTextual Documents
250 _a10 /
_b.
260 _aDelhi :
_bKhanna publishers ,
_c1997.
300 _a126 ; .
365 _aRs 35.00
504 _a
650 _aEngineering drawing
942 _cBK
999 _c228
_d228